| 000 | 00000nam##2200000za#4500 |
| 001 | 9.694843 |
| 003 | CaOODSP |
| 005 | 20210624234314 |
| 007 | cr ||||||||||| |
| 008 | 150407|2000||||xxc|||||o f|0| 0 eng|d |
| 040 | |aCaOODSP|beng |
| 043 | |an-cn--- |
| 086 | 1 |aFA3-74/2000E-PDF |
| 110 | 1 |aCanada. |bOffice of the Auditor General. |
| 245 | 10|aManual on special examination of Crown corporations |h[electronic resource] |
| 246 | 1 |aSpecial examinations manual |
| 260 | |aOttawa - Ontario : |bOffice of the Auditor General of Canada |cc2000. |
| 300 | |a130p.|bfigs., tables, photographs |
| 590 | |a11-13-Supp|b2011-08-04 |
| 775 | 08|tManuel d'éxamen spéciale des sociétés d'état |w(CaOODSP)9.639013 |
| 856 | 40|ahttp://publications.gc.ca|qPDF|s826 KB|uhttps://publications.gc.ca/collections/collection_2011/bvg-oag/FA3-74-2000-eng.pdf |